000 00795nam a2200253 a 4500
001 25993
003 BD-RjUL
005 20211209050945.0
008 140323r19581952enka 001 0 eng
035 _a(BD-RjUL)26063
040 _aDLC
_cDLC
_dDLC
_dBD-RjUL
_beng
041 _aeng
082 0 0 _a954.08
_bROH 1967
100 1 _aRoberts, P. E.
_q(Paul Ernest),
_d1873-1949.
_979869
245 0 0 _aHistory of British India under the company and the crown /
_cP.E. Roberts
250 _a3d ed.
260 _aLondon :
_bOxford University Press,
_c1952.[reprinting 1958,1967, 1970].
300 _a707 p. :
_bill. ;
_c19 cm.
504 _aIncludes index.
651 0 _aIndia
_xHistory
_yBritish occupation, 1765-1947.
_981937
942 _2ddc
_cBK
999 _c25993
_d25993